000 00371nam a2200133Ia 4500
008 151001s9999||||xx |||||||||||||| ||und||
100 _a& Bharathi Chinmaaya
245 _aBala Bhagavatam
250 _a1
260 _bTriurti p. press
260 _c1980
300 _a141
365 _b27
999 _c964377
_d964374